000 00608naa a2200217 i 4500
001 91749
003 ES-MaBCM
005 20241016125819.0
008 030711s2003 fra 000 0 fre d
021 _axx
035 _a(OCoLC)1365202926
040 _cES-MaBCM
041 0 _afre
043 _afra
100 1 _aPean, Marie Jose
_935790
245 1 0 _aLa réforme de l'administration britannique
_cMarie Jose Pean
650 7 _aReforma administrativa
_960037
651 0 _aGran Bretaña
_9124676
773 0 _aEn:
_tFuturibles
_dParis : 2003
_w104423
_gnº 287, juin. 41-45. - Loc. S.164
942 _cAREV
999 _c91749
_d91749